Christoph Columbus, der mann, die tat, die wirkung / (Record no. 7403)
[ view plain ]
| 000 -CABECERA | |
|---|---|
| campo de control de longitud fija | 00538cam a2200157 a 4500 |
| 001 - NÚMERO DE CONTROL | |
| campo de control | 000007623 |
| 005 - FECHA Y HORA DE LA ÚLTIMA TRANSACCIÓN | |
| campo de control | 20240313182403.0 |
| 008 - DATOS DE LONGITUD FIJA--INFORMACIÓN GENERAL | |
| campo de control de longitud fija | 811117s1942 gw a 000 0 eng |
| 040 ## - FUENTE DE LA CATALOGACIÓN | |
| Centro catalogador/agencia de origen | DO-SdBNP |
| Lengua de catalogación | spa |
| Centro/agencia transcriptor | BNPHU |
| 082 ## - NÚMERO DE LA CLASIFICACIÓN DECIMAL DEWEY | |
| Número de clasificación | 923.9 |
| Número de documento/Ítem | C719G |
| 100 1# - ENTRADA PRINCIPAL--NOMBRE DE PERSONA | |
| Nombre de persona | Goldschmit Jentner, Rudolf Karl, |
| Fechas asociadas al nombre | 1890- |
| 9 (RLIN) | 21152 |
| 245 10 - MENCIÓN DE TÍTULO | |
| Título | Christoph Columbus, der mann, die tat, die wirkung / |
| Mención de responsabilidad, etc. | Rudolf K. Goldschmit Jentner. |
| 260 ## - PUBLICACIÓN, DISTRIBUCIÓN, ETC. | |
| Lugar de publicación, distribución, etc. | Hamburg : |
| Nombre del editor, distribuidor, etc. | Christian Wegner Verlag, |
| Fecha de publicación, distribución, etc. | 1942. |
| 300 ## - DESCRIPCIÓN FÍSICA | |
| Extensión | 361 p. : |
| Otras características físicas | il. ; |
| Dimensiones | 21 cm. |
| 600 #0 - PUNTO DE ACCESO ADICIONAL DE MATERIA--NOMBRE DE PERSONA | |
| Nombre de persona | COLÓN, CRISTOBAL, |
| Fechas asociadas al nombre | 1436-1456 |
| 9 (RLIN) | 19795 |
| Estado de retiro | Estado de pérdida | Restricciones de uso | No para préstamo | Código de colección | Localización permanente | Ubicación/localización actual | Ubicación en estantería | Fecha de adquisición | Número de inventario | Total de préstamos | Signatura topográfica completa | Código de barras | Fecha visto por última vez | Precio válido a partir de | Tipo de ítem Koha |
|---|---|---|---|---|---|---|---|---|---|---|---|---|---|---|---|
| Préstamo interno | Monografías: Libros y Folletos | General | General | En catalogación | 09.09.2009 | LF1 | 923.9 C719G | 7623-10 | 25.06.2020 | 25.06.2020 | Préstamo interno |
